Fundamentos de educación comparada
সংরক্ষণ করুন:
| প্রধান লেখক: | |
|---|---|
| বিন্যাস: | গ্রন্থ |
| ভাষা: | স্প্যানিশ |
| প্রকাশিত: |
Madrid
DyKinson
1986
|
| বিষয়গুলি: | |
| ট্যাগগুলো: |
ট্যাগ যুক্ত করুন
কোনো ট্যাগ নেই, প্রথমজন হিসাবে ট্যাগ করুন!
|
MARC
| LEADER | 00000nam a2200000 a 4500 | ||
|---|---|---|---|
| 001 | UCW7250 | ||
| 003 | CL-VaPUC | ||
| 008 | 921013e19860000SP |||||||||||||||||spa|d | ||
| 082 | 0 | 4 | |a 370.195 |b GAR |2 21 |
| 100 | |a García Garrido, José Luis |e author |9 522320 | ||
| 245 | 1 | 0 | |a Fundamentos de educación comparada |
| 300 | |a 242 p | ||
| 942 | |c BK | ||
| 945 | |d 19921013 00:00:00 | ||
| 260 | |a Madrid |b DyKinson |c 1986 | ||
| 650 | 7 | |a EDUCACION COMPARADA |2 CL-VaPUC |9 307694 | |
| 583 | |a last modification |c 19921013 00:00:00 |k Rodrigo Vera | ||
| 999 | |c 220079 |d 220077 | ||
| 952 | |0 0 |1 0 |4 0 |6 370_195000000000000_GAR_1986 |7 0 |8 P |9 211851 |a BIBEDU |b BIBEDU |c BIBEDU_PB |d 2019-11-15 |i 2800322 |o 370.195 GAR 1986 |p 2800322 |r 2024-01-25 |w 2019-11-15 |y BK |k EDU | ||